Statistics for Famous Taiwan Mandopop Singers (and Band)

Click here to take the quiz!

General Stats

  • This quiz has been taken 184 times
    (183 since last reset)
  • The average score is 17 of 100

Answer Stats

HintAnswer% Correct
MaleJay Chou
85%
Girls GroupS.H.E
83%
Boys GroupMayday
67%
FemaleJolin Tsai
62%
FemaleAmei
54%
Girls Group4 In Love
47%
MaleShow Lo
41%
MaleLeehom Wang
39%
Mixed GroupF.I.R
38%
Boys GroupFahrenheit
37%
MaleJam Hsiao
37%
FemaleAngela Chang
35%
Boys Group5566
33%
FemaleElva Hsiao
32%
Boys GroupSodagreen
30%
FemaleTeresa Teng
29%
MaleYoga Lin
29%
Boys GroupF4
28%
FemaleLala Hsu
26%
MaleHarlem Yu
25%
MaleJeff Chang
25%
FemaleCyndi Wang
24%
MaleDavid Tao
24%
Boys GroupEnergy
22%
MaleFei Yu Qing
22%
MaleJacky Wu
22%
Boys GroupPower Station
22%
MaleWu Bai
22%
FemaleChristine Fan
21%
MaleAlien Huang
20%
MaleChyi Chin
20%
FemaleChyi Yu
20%
Boys GroupShin
17%
MaleTerry Lin
17%
Mixed GroupDa Mouth
16%
MaleRicky Hsiao
16%
Boys GroupThe Little Tigers
16%
MaleWilber Pan
16%
MaleWilliam Wei
16%
Girls GroupASOS
14%
FemaleFeng Fei-fei
14%
MaleAska Yang
13%
FemaleClaire Kuo
13%
MaleCrowd Lu
13%
FemaleLandy Wen
13%
FemaleMatilda Tao
13%
Mixed GroupNan Quan Mama
13%
MalePhil Chang
13%
FemaleRene Liu
13%
MaleSam Lee
13%
FemaleCoco Lee
12%
MaleEmil Chau
12%
FemaleKimberley Chen
12%
MaleRichie Ren
12%
FemaleCheer Chen
11%
FemaleDella DingDang
11%
MaleKenji Wu
11%
FemaleRachel Liang
11%
FemaleTiger Huang
11%
FemaleTsai Chin
11%
Mixed GroupY2J
11%
MaleFrankie Kao
10%
FemaleJulia Peng
10%
FemaleMavis Fan
10%
MaleSky Wu
10%
MaleJonathan Lee
9%
MaleKris Phillips
9%
MaleStanley Huang
9%
MaleZhang Zhen Yue
9%
FemaleAiling Tai
8%
FemaleShunza
8%
MaleTank
8%
Boys GroupTension
8%
FemaleValen Hsu
8%
MaleZhao Chuan
8%
MaleAnthony Neely
7%
FemaleJulie Sue
7%
MaleSamuel Tai
7%
MaleVan Fan
7%
FemaleWan Fang
7%
FemaleWinnie Hsin
7%
MaleAngus Tung
6%
MaleNicky Lee
6%
FemaleSharon Kwan
6%
MaleSteve Chou
6%
MaleBobby Cheng
5%
MaleHuang Pin Yuan
5%
Boys GroupMACHI
5%
MaleYu Tien
5%
FemaleEagle Pan
4%
MaleJiang Yu Heng
4%
MaleLiu Wen Zheng
4%
Boys GroupLuan Tan
4%
FemaleMaggie Chiang
4%
FemaleTarcy Su
4%
FemaleYuki Hsu
4%
MaleDavid Wong
3%
FemaleStella Chang
3%
MaleHuang Shu Jun
2%
MaleChris Yu
1%

Score Distribution

Percentile by Number Answered

Percent of People with Each Score

Your Score History

You have not taken this quiz since the last reset